Normal view
MARC view
Entry Término temático
001 - NÚMERO DE CONTROL
- campo de control: 174721
003 - IDENTIFICADOR DEL NÚMERO DE CONTROL
- campo de control: OSt
005 - FECHA Y HORA DE LA ÚLTIMA TRANSACCIÓN
- campo de control: 20220127161328.0
008 - DATOS DE LONGITUD FIJA
- campo de control de longitud fija: 220127|| aca||aabn | a|a d
040 ## - FUENTE DE LA CATALOGACIÓN
- Centro catalogador/agencia de origen: OSt
- Centro/agencia transcriptor: OSt
150 ## - ENCABEZAMIENTO--TÉRMINO DE MATERIA
- Término de materia o nombre geográfico como elemento de entrada: Efectos en pesticidas
- Subdivisión general: analisis
670 ## - FUENTE DE DATOS ENCONTRADOS
- Cita de la fuente: Work cat.: (OSt)208385: Méndez Bautista, Joaquín 76476, Efecto residual de Azadirachta indica A. Juss. (L.) Y Gliricidia sepium (Jacquin) en la nodulación por Rhizobium en el frijol cultivado bajo invernadero /
